[Event "GER-chT U20"]
[Site "Naumburg Saale"]
[Date "2014.12.29"]
[Round "6.4"]
[White "Jacob, Hannes"]
[Black "Pham, Tran Phuong Bao"]
[Result "0-1"]
[WhiteElo "1753"]
[BlackElo "1705"]
[PlyCount "72"]
[EventDate "2014.12.27"]
[EventType "team-swiss"]
[EventRounds "7"]
[EventCountry "GER"]
[SourceTitle "EXT 2016"]
[Source "ChessBase"]
[SourceDate "2015.10.08"]
[SourceVersion "1"]
[SourceVersionDate "2015.10.08"]
[SourceQuality "1"]
[WhiteTeam "Merseburg"]
[BlackTeam "Frankfurt TV"]
[WhiteTeamCountry "GER"]
[BlackTeamCountry "GER"]

1. e4 c6 2. d4 d5 3. e5 Bf5 4. Bd3 Bxd3 5. Qxd3 e6 6. Ne2 Qb6 7. 0-0 c5 8. c3 cxd4 9. cxd4 Nc6 10. Nbc3 Nge7 11. Na4 Qb4 12. Nc5 Nf5 13. Bd2 Qc4 14. Qxc4 dxc4 15. Rac1 b5 16. Na6 0-0-0 17. a4 Ncxd4 18. Nxd4 Nxd4 19. Ba5 Rd5 20. Nc7 Rc5 21. Na6 Rxe5 22. f4 Rd5 23. Nc7 Rc5 24. Na6 Rd5 25. Nc7 Rd7 26. Nxb5 Ne2+ 27. Kh1 Nxc1 28. Rxc1 Kb7 29. h3 Bc5 30. Rxc4 Bb6 31. Bb4 Rhd8 32. a5 Rd1+ 33. Kh2 Bg1+ 34. Kg3 R1d3+ 35. Kh4 Bf2+ 36. Kg4 h5+ 0-1

[Event "GER-chT U20"]
[Site "Naumburg Saale"]
[Date "2014.12.29"]
[Round "5.4"]
[White "Pham, Tran Phuong Bao"]
[Black "Merker, Konstantin"]
[Result "1/2-1/2"]
[WhiteElo "1705"]
[BlackElo "1663"]
[PlyCount "108"]
[EventDate "2014.12.27"]
[EventType "team-swiss"]
[EventRounds "7"]
[EventCountry "GER"]
[SourceTitle "EXT 2016"]
[Source "ChessBase"]
[SourceDate "2015.10.08"]
[SourceVersion "1"]
[SourceVersionDate "2015.10.08"]
[SourceQuality "1"]
[WhiteTeam "Frankfurt TV"]
[BlackTeam "Coswig TuS"]
[WhiteTeamCountry "GER"]
[BlackTeamCountry "GER"]

1. c4 Nf6 2. g3 g6 3. Bg2 Bg7 4. Nc3 0-0 5. e4 d6 6. Nge2 e5 7. d3 Nbd7 8. 0-0 Nh5 9. Be3 f5 10. Qd2 Ndf6 11. Bg5 Qe8 12. Rac1 Kh8 13. Nd5 Qf7 14. f4 Nxd5 15. cxd5 exf4 16. Nxf4 Nxf4 17. Bxf4 a5 18. Rc2 b6 19. Rfc1 Ra7 20. Bxd6 cxd6 21. Rxc8 Bd4+ 22. Kh1 Kg7 23. Rxf8 Qxf8 24. b3 fxe4 25. dxe4 Bc5 26. Rf1 Rf7 27. Qc3+ Kg8 28. Rxf7 Qxf7 29. Bh3 Kf8 30. Qd3 Kg7 31. Qe2 Qf6 32. Kg2 Qd4 33. Be6 Qe3 34. Qxe3 Bxe3 35. Kf3 Bd2 36. h4 Kf6 37. Ke2 Bc1 38. Kd3 Ke5 39. Bg8 h6 40. Bf7 g5 41. hxg5 hxg5 42. Be6 Ba3 43. Bf5 Bc5 44. Kc4 Bf2 45. g4 Bg1 46. a3 Bf2 47. b4 axb4 48. axb4 Bg1 49. Kb5 Bf2 50. Kc6 Be3 51. Kb5 Bf2 52. Kc6 Be3 53. Kc7 Bg1 54. Kd7 Be3 1/2-1/2

[Event "Karl Mala Memorial op-A 17th"]
[Site "Frankfurt"]
[Date "2014.08.02"]
[Round "5"]
[White "Bethke, Richard"]
[Black "Pham, Tran Phuong Bao"]
[Result "1-0"]
[WhiteElo "1627"]
[BlackElo "1821"]
[PlyCount "197"]
[EventDate "2014.07.31"]
[EventType "swiss"]
[EventRounds "7"]
[EventCountry "GER"]
[SourceTitle "EXT 2015"]
[Source "ChessBase"]
[SourceDate "2014.11.20"]
[SourceVersion "1"]
[SourceVersionDate "2014.11.20"]
[SourceQuality "1"]

1. e4 c6 2. d4 d5 3. Nc3 dxe4 4. Nxe4 Bf5 5. Ng3 Bg6 6. Nf3 Nd7 7. h4 h6 8. h5 Bh7 9. Bd3 Bxd3 10. Qxd3 e6 11. Bf4 Qa5+ 12. Bd2 Bb4 13. c3 Be7 14. Ne4 Ngf6 15. Nxf6+ Nxf6 16. Ne5 Qd5 17. Qg3 Rg8 18. Qf3 Qxf3 19. gxf3 c5 20. 0-0-0 cxd4 21. cxd4 Rd8 22. Bf4 Nd5 23. Be3 Bg5 24. Bxg5 hxg5 25. Rhg1 f6 26. Ng6 Kf7 27. Rg4 Rd6 28. f4 Nxf4 29. Nxf4 gxf4 30. Rxf4 Rd5 31. Rh4 Rf5 32. Rh2 Rh8 33. Rdh1 Rh6 34. Kd2 a5 35. Ke3 b5 36. Ke4 Ke7 37. f4 b4 38. Rg2 Rfxh5 39. Rxg7+ Kd6 40. Rc1 Rh3 41. d5 exd5+ 42. Kd4 R6h4 43. Rf1 Rh2 44. Rg8 Rd2+ 45. Ke3 Rxb2 46. Rd8+ Ke6 47. f5+ Ke7 48. Rxd5 Rxa2 49. Rfd1 Ra3+ 50. Kf2 Rf4+ 51. Kg2 Rg4+ 52. Kf2 Rf4+ 53. Kg2 Rg4+ 54. Kf2 Kf8 55. Rd7 Rf4+ 56. Kg2 Rxf5 57. Ra7 Rg5+ 58. Kf2 Rf5+ 59. Kg2 Rg5+ 60. Kf2 Re5 61. Rd8+ Re8 62. Rdd7 Ra2+ 63. Kf3 b3 64. Rg7 Rc8 65. Rgf7+ Kg8 66. Rg7+ Kf8 67. Raf7+ Ke8 68. Rh7 Rc3+ 69. Kf4 Rf2+ 70. Ke4 b2 71. Rb7 b1Q+ 72. Rxb1 f5+ 73. Ke5 Rc5+ 74. Kd6 Rc8 75. Rh8+ Kf7 76. Rxc8 Rd2+ 77. Ke5 Kg6 78. Rg1+ Kf7 79. Kxf5 Rf2+ 80. Ke4 Re2+ 81. Kf3 Re6 82. Rc7+ Kf6 83. Ra7 Re5 84. Ra6+ Kf5 85. Ra1 Re4 86. R1xa5+ Re5 87. Rxe5+ Kxe5 88. Ra4 Kf5 89. Ra5+ Ke6 90. Ke4 Kd6 91. Rh5 Ke6 92. Rh6+ Kd7 93. Ke5 Kc7 94. Kd5 Kb7 95. Kc5 Kc7 96. Rh7+ Kb8 97. Kc6 Ka8 98. Kb6 Kb8 99. Rh8# 1-0

[Event "Hessen-ch U18"]
[Site "Bad Homburg"]
[Date "2013.??.??"]
[Round "1"]
[White "Pham, Tran Phuong Bao"]
[Black "Soeder, Maximilian"]
[Result "1/2-1/2"]
[WhiteElo "1821"]
[BlackElo "1672"]
[PlyCount "77"]
[EventDate "2013.03.??"]
[EventType "swiss"]
[EventRounds "7"]
[EventCountry "GER"]
[SourceTitle "EXT 2014"]
[Source "ChessBase"]
[SourceDate "2013.11.20"]
[SourceVersion "1"]
[SourceVersionDate "2013.11.20"]
[SourceQuality "1"]

1. c4 c5 2. g3 Nc6 3. Nc3 Nf6 4. Bg2 g6 5. Nf3 Bg7 6. d4 cxd4 7. Nxd4 0-0 8. 0-0 Qb6 9. e3 d6 10. b3 Bd7 11. Bb2 Rac8 12. Rc1 Ne5 13. Qd2 Rfd8 14. h3 Nc6 15. Rfd1 Bh6 16. Nd5 Nxd5 17. cxd5 Nb4 18. a3 Na6 19. b4 Bg7 20. Kh2 Rxc1 21. Rxc1 Rc8 22. Rxc8+ Bxc8 23. Qc2 Qc7 24. Qb3 Bd7 25. Bf1 Nb8 26. a4 Be8 27. Bb5 Bxd4 28. Bxd4 Bxb5 29. axb5 b6 30. e4 Nd7 31. f4 Qc1 32. Qc3 Qxc3 33. Bxc3 e5 34. fxe5 Nxe5 35. Bxe5 dxe5 36. g4 g5 37. Kg3 Kf8 38. Kf3 Ke7 39. Ke3 1/2-1/2

[Event "Hessen-ch U18"]
[Site "Bad Homburg"]
[Date "2013.??.??"]
[Round "4"]
[White "Stuhlmann, Florian"]
[Black "Pham, Tran Phuong Bao"]
[Result "1/2-1/2"]
[WhiteElo "1531"]
[BlackElo "1821"]
[PlyCount "64"]
[EventDate "2013.03.??"]
[EventType "swiss"]
[EventRounds "7"]
[EventCountry "GER"]
[SourceTitle "EXT 2014"]
[Source "ChessBase"]
[SourceDate "2013.11.20"]
[SourceVersion "1"]
[SourceVersionDate "2013.11.20"]
[SourceQuality "1"]

1. d4 Nf6 2. c4 g6 3. Nc3 d5 4. cxd5 Nxd5 5. e4 Nxc3 6. bxc3 Bg7 7. Nf3 c5 8. Be3 Nc6 9. Bc4 0-0 10. 0-0 Bg4 11. Bd5 Qa5 12. Bxc6 bxc6 13. h3 cxd4 14. cxd4 Bxf3 15. Qxf3 c5 16. Rfd1 Rfd8 17. e5 cxd4 18. Bxd4 Bxe5 19. Bxe5 Qxe5 20. Re1 Qg5 21. Rad1 e6 22. Rb1 Rab8 23. Rbc1 Qa5 24. Re2 Rd7 25. Rec2 Rbd8 26. g3 Qd5 27. Qe2 Qd3 28. Qxd3 Rxd3 29. Kg2 Kg7 30. Rc7 a5 31. Ra7 R8d7 32. Rxa5 Rd2 1/2-1/2

[Event "GER-chT U20"]
[Site "Osnabrueck"]
[Date "2012.12.29"]
[Round "6.5"]
[White "Van Klev, Fabian"]
[Black "Pham, Tran Phuong Bao"]
[Result "1-0"]
[WhiteElo "1788"]
[BlackElo "1787"]
[PlyCount "61"]
[EventDate "2012.12.27"]
[EventType "team-swiss"]
[EventRounds "7"]
[EventCountry "GER"]
[SourceTitle "EXT 2014"]
[Source "ChessBase"]
[SourceDate "2013.11.20"]
[SourceVersion "1"]
[SourceVersionDate "2013.11.20"]
[SourceQuality "1"]
[WhiteTeam "Brackel"]
[BlackTeam "Frankfurt 1860"]
[WhiteTeamCountry "GER"]
[BlackTeamCountry "GER"]

1. Nf3 Nf6 2. d4 d5 3. c4 c6 4. Nc3 g6 5. Bf4 Bg7 6. e3 0-0 7. Bd3 Nbd7 8. cxd5 cxd5 9. h3 Nb6 10. 0-0 Bd7 11. Qe2 Bc6 12. Ne5 Nfd7 13. Nxc6 bxc6 14. Ba6 e5 15. dxe5 Nxe5 16. Bxe5 Bxe5 17. Bb7 Qd7 18. Bxa8 Rxa8 19. Rfd1 Re8 20. Qd3 f5 21. a4 Qb7 22. b3 Nd7 23. Rab1 Nc5 24. Qc2 Ne4 25. Nxe4 fxe4 26. b4 Rc8 27. Qb3 Rd8 28. b5 c5 29. Rbc1 c4 30. Rxc4 dxc4 31. Rxd8+ 1-0

[Event "Karl Mala Memorial op 15th"]
[Site "Frankfurt"]
[Date "2012.07.08"]
[Round "7"]
[White "Pham, Tran Phuong Bao"]
[Black "Karsay, Pascal"]
[Result "1-0"]
[WhiteElo "1791"]
[BlackElo "1402"]
[PlyCount "125"]
[EventDate "2012.07.05"]
[EventType "swiss"]
[EventRounds "7"]
[EventCountry "GER"]
[SourceTitle "CBM 149 Extra"]
[Source "ChessBase"]
[SourceDate "2012.08.24"]
[SourceVersion "1"]
[SourceVersionDate "2012.08.24"]
[SourceQuality "1"]

1. c4 Nf6 2. g3 c5 3. Bg2 g6 4. Nc3 Bg7 5. Nf3 d6 6. d4 cxd4 7. Nxd4 a6 8. 0-0 0-0 9. e3 Qc7 10. b3 Bd7 11. Bb2 Nc6 12. Qd2 e6 13. Rfd1 Rfd8 14. Rac1 Rac8 15. h3 Qb8 16. Ne4 Nxe4 17. Bxe4 e5 18. Nxc6 Bxc6 19. Bd5 Bxd5 20. Qxd5 Rc5 21. Qg2 b5 22. Ba3 b4 23. Bb2 Rdc8 24. Rd5 Rxd5 25. Qxd5 Rc5 26. Qd2 a5 27. Rd1 Bf8 28. e4 a4 29. Ra1 a3 30. Bc1 Qb7 31. Qd3 Rc6 32. Be3 f6 33. Qd5+ Kg7 34. Rd1 Rc7 35. Kg2 Qxd5 36. Rxd5 f5 37. f3 fxe4 38. fxe4 Kf6 39. Rb5 h5 40. Rxb4 Kg7 41. Rb5 Be7 42. Ra5 Kf7 43. Bc1 Bd8 44. Ra6 Rd7 45. Bxa3 Be7 46. Bc1 g5 47. Be3 Kg6 48. c5 Kf7 49. c6 Rc7 50. Bd2 g4 51. h4 Ke8 52. Ba5 Rc8 53. b4 Bd8 54. Bxd8 Kxd8 55. b5 Kc7 56. a4 Rb8 57. Kf2 Rb6 58. Rxb6 Kxb6 59. a5+ Kc7 60. Ke3 Kb8 61. b6 Kc8 62. a6 Kb8 63. Kd3 1-0

[Event "Karl Mala Memorial op 15th"]
[Site "Frankfurt"]
[Date "2012.07.06"]
[Round "2"]
[White "Werner, Dimo"]
[Black "Pham, Tran Phuong Bao"]
[Result "1/2-1/2"]
[WhiteElo "2169"]
[BlackElo "1791"]
[PlyCount "30"]
[EventDate "2012.07.05"]
[EventType "swiss"]
[EventRounds "7"]
[EventCountry "GER"]
[SourceTitle "CBM 149 Extra"]
[Source "ChessBase"]
[SourceDate "2012.08.24"]
[SourceVersion "1"]
[SourceVersionDate "2012.08.24"]
[SourceQuality "1"]

1. d4 Nf6 2. Nf3 g6 3. g3 Bg7 4. Bg2 d5 5. c4 c6 6. cxd5 cxd5 7. 0-0 0-0 8. Nc3 Ne4 9. Ne5 Nxc3 10. bxc3 Nc6 11. Nxc6 bxc6 12. Ba3 Bf5 13. f3 Rb8 14. e4 Be6 15. Bc5 Qa5 1/2-1/2

[Event "Rhein Main op-A 15th"]
[Site "Bad Homburg"]
[Date "2012.06.08"]
[Round "4"]
[White "Schellen, Sven"]
[Black "Pham, Tran Phuong Bao"]
[Result "0-1"]
[WhiteElo "1783"]
[BlackElo "1771"]
[PlyCount "122"]
[EventDate "2012.06.06"]
[EventType "swiss"]
[EventRounds "7"]
[EventCountry "GER"]
[SourceTitle "EXT 2013"]
[Source "ChessBase"]
[SourceDate "2012.11.22"]
[SourceVersion "1"]
[SourceVersionDate "2012.11.22"]
[SourceQuality "1"]

1. b4 Nf6 2. Bb2 g6 3. e4 Bg7 4. Bc4 d6 5. Nf3 0-0 6. d3 c6 7. Bb3 Nbd7 8. 0-0 a5 9. a3 b5 10. c4 bxc4 11. Bxc4 axb4 12. axb4 Rxa1 13. Bxa1 d5 14. exd5 cxd5 15. Bb3 Qb6 16. Bc3 Ba6 17. Re1 e6 18. Qd2 Rb8 19. Rc1 Ne8 20. Ba4 Bb5 21. Bxb5 Qxb5 22. d4 Nd6 23. Na3 Qb6 24. Nc2 Ne4 25. Qd3 Nxc3 26. Qxc3 Qb7 27. Rb1 Rc8 28. Qd3 Qc7 29. Nce1 Qc4 30. b5 Nb6 31. Ne5 Qxd3 32. N1xd3 Rc3 33. g3 f6 34. Nc5 fxe5 35. Nxe6 exd4 36. Nf4 d3 37. Kf1 d2 38. Ne2 Rc2 39. Rd1 d4 40. Nf4 Rb2 41. Nd3 Rc2 42. Ke2 Nc4 43. Rb1 Nb6 44. Kd1 Ra2 45. Nb4 Ra5 46. Nc6 Ra2 47. Nb4 Ra4 48. Kxd2 Kf7 49. Nd3 Ra2+ 50. Ke1 Bh6 51. Ne5+ Ke6 52. Nc6 Bd2+ 53. Ke2 Bc3+ 54. Kf3 Kd5 55. Rc1 Rb2 56. Na7 Kc4 57. Rd1 d3 58. Kg2 Re2 59. Kf1 Re8 60. Nc6 d2 61. f4 Re1+ 0-1

[Event "Hessen-ch U16"]
[Site "Bad Homburg"]
[Date "2012.??.??"]
[Round "3"]
[White "Pham, Tran Phuong Bao"]
[Black "Hoeppner, Michael"]
[Result "1-0"]
[WhiteElo "1771"]
[BlackElo "1339"]
[PlyCount "63"]
[EventDate "2012.04.??"]
[EventType "swiss"]
[EventRounds "9"]
[EventCountry "GER"]
[SourceTitle "EXT 2015"]
[Source "ChessBase"]
[SourceDate "2014.11.20"]
[SourceVersion "1"]
[SourceVersionDate "2014.11.20"]
[SourceQuality "1"]

1. c4 e5 2. g3 f5 3. d4 exd4 4. Qxd4 Nc6 5. Qe3+ Qe7 6. Nf3 Qxe3 7. Bxe3 Bb4+ 8. Kd1 Nf6 9. a3 Be7 10. Nc3 Ng4 11. Nd5 Nxe3+ 12. fxe3 Kd8 13. Nd4 Nxd4 14. exd4 c6 15. Nc3 Bf6 16. e3 Re8 17. Kd2 d6 18. Bd3 g6 19. h4 Be6 20. h5 c5 21. d5 Bxc3+ 22. bxc3 Bf7 23. Rab1 b6 24. Rbf1 Re5 25. g4 gxh5 26. Bxf5 Bg6 27. Bxg6 hxg6 28. Rf8+ Re8 29. Rf6 Kd7 30. Rxg6 hxg4 31. Rhh6 Rg8 32. Rh7+ 1-0

[Event "Karl Mala Memorial op 14th"]
[Site "Frankfurt"]
[Date "2011.07.08"]
[Round "3"]
[White "Pham, Tran Phuong Bao"]
[Black "Wiewesiek, Timo"]
[Result "1/2-1/2"]
[WhiteElo "1328"]
[BlackElo "1645"]
[PlyCount "32"]
[EventDate "2011.07.07"]
[EventType "swiss"]
[EventRounds "7"]
[EventCountry "GER"]
[SourceTitle "EXT 2012"]
[Source "ChessBase"]
[SourceDate "2011.11.24"]
[SourceVersion "1"]
[SourceVersionDate "2011.11.24"]
[SourceQuality "1"]

1. c4 e6 2. g3 Nf6 3. Bg2 d5 4. Nf3 Be7 5. 0-0 0-0 6. b3 c5 7. Bb2 Nc6 8. e3 b6 9. Nc3 Bb7 10. Qe2 d4 11. exd4 Nxd4 12. Nxd4 Bxg2 13. Kxg2 Qxd4 14. Rad1 Rad8 15. Qe3 Qd3 16. Rfe1 Rd7 1/2-1/2

[Event "Rhein Main op-A 14th"]
[Site "Bad Homburg"]
[Date "2011.06.23"]
[Round "3"]
[White "Pham, Tran Phuong Bao"]
[Black "Sand, Rolf"]
[Result "1/2-1/2"]
[WhiteElo "1254"]
[BlackElo "2012"]
[PlyCount "41"]
[EventDate "2011.06.22"]
[EventType "swiss"]
[EventRounds "7"]
[EventCountry "GER"]
[SourceTitle "EXT 2012"]
[Source "ChessBase"]
[SourceDate "2011.11.24"]
[SourceVersion "1"]
[SourceVersionDate "2011.11.24"]
[SourceQuality "1"]

1. c4 c5 2. g3 Nc6 3. Nc3 g6 4. e4 Bg7 5. Bg2 d6 6. Nge2 e5 7. d3 Nge7 8. 0-0 0-0 9. Be3 Rb8 10. Qd2 a6 11. f4 exf4 12. gxf4 Nd4 13. Bxd4 cxd4 14. Nd5 Nxd5 15. cxd5 Qb6 16. Rfc1 Bd7 17. Rc2 Rbc8 18. Rac1 Rxc2 19. Rxc2 Rc8 20. Rxc8+ Bxc8 21. Qc2 1/2-1/2